000 00781nam a22002177a 4500
003 BUBTL
008 180915b xxu||||| |||| 00| 0 eng d
020 _a9879840613006
041 _aben
082 _a954.92/ Ah52b/ 2013
100 _92021
_aআহমেদ, সিরাজ উদদীন
245 _aবঙ্গবন্ধু শেখ মুজিবুর রহমান /
_cসিরাজ উদদীন আহমেদ
250 _a 2nd ed.
260 _aঢাকা :
_bইসলামিক ফাউন্ডেশন,
_cc2013
300 _a1068 p. :
_c21 cm.
526 _aবঙ্গবন্ধু
650 0 _93574
_aবঙ্গবন্ধু
856 _k0
_l0
_yDownload
942 _2ddc
_cBK
999 _c5802
_d5802